Normal view
MARC view
Entry Personal Name
001 - CONTROL NUMBER
- control field: 17842
003 - CONTROL NUMBER IDENTIFIER
- control field: ARRUPE
005 - DATE AND TIME OF LATEST TRANSACTION
- control field: 20150518143922.0
008 - FIXED-LENGTH DATA ELEMENTS
- fixed length control field: 150518|| aca||aabn | a|a d
040 ## - CATALOGING SOURCE
- Original cataloging agency: ARRUPE
- Transcribing agency: ARRUPE
100 ## - HEADING--PERSONAL NAME
- Personal name: Hobsbawm, E. J.
- Fuller form of name: (Eric J.),
- Dates associated with a name: 1917-2012.
670 ## - SOURCE DATA FOUND
- Source citation: Work cat.: (ARRUPE)0: Hobsbawm, E. J. (Eric J.), 1917-2012., Industry and empire :, 1999.